Research methodology in library science (Record no. 80155)

MARC details
000 -LEADER
fixed length control field 00844nam a2200157 a 4500
008 - FIXED-LENGTH DATA ELEMENTS--GENERAL INFORMATION
fixed length control field 120416s0000 ||||||||||||||||| || u
020 ## - INTERNATIONAL STANDARD BOOK NUMBER
International Standard Book Number 8171693296
050 ## - LIBRARY OF CONGRESS CALL NUMBER
Classification number Z 669.7 Res
100 ## - MAIN ENTRY--PERSONAL NAME
Personal name Goswami, Mohan Inder
245 10 - TITLE STATEMENT
Title Research methodology in library science
Statement of responsibility, etc. edited by Mohan Inder Goswami
260 ## - PUBLICATION, DISTRIBUTION, ETC.
Place of publication, distribution, etc. India
Name of publisher, distributor, etc. Commonwealth Publishers
Date of publication, distribution, etc. 1995
350 ## -
-- 0.00
995 ## -
-- ANNEX COLLECTION (Main Library)
-- 0.00
-- 732003
-- CBU-MAIN LIBRARY (Kitwe)
-- 1
-- 25.00
-- Z 669.7 Res
-- 1
-- AVAILABLE
-- 44983
-- Annex Low-Usage Collection
995 ## -
-- ANNEX COLLECTION (Main Library)
-- 0.00
-- 732002
-- CBU-MAIN LIBRARY (Kitwe)
-- 2
-- 25.00
-- Z 669.7 Res
-- 2
-- AVAILABLE
-- 44979
-- Annex Low-Usage Collection
995 ## -
-- ANNEX COLLECTION (Main Library)
-- 0.00
-- 732001
-- CBU-MAIN LIBRARY (Kitwe)
-- 3
-- 25.00
-- Z 669.7 Res
-- 3
-- AVAILABLE
-- 44984
-- Annex Low-Usage Collection
999 ## -
-- 80155
-- 80155
Holdings
Withdrawn status Lost status Source of classification or shelving scheme Damaged status Not for loan Permanent Location Current Location Shelving location Date acquired Total Checkouts Full call number Barcode Date last seen Copy number Price effective from Koha item type
          CBU-MAIN LIBRARY, KITWE. CBU-MAIN LIBRARY, KITWE.   06/29/2023   Z 669.7 Res 44983 06/29/2023 1 06/29/2023 MONOGRAPH
          CBU-MAIN LIBRARY, KITWE. CBU-MAIN LIBRARY, KITWE.   06/29/2023   Z 669.7 Res 44979 06/29/2023 2 06/29/2023 MONOGRAPH
          CBU-MAIN LIBRARY, KITWE. CBU-MAIN LIBRARY, KITWE.   06/29/2023   Z 669.7 Res 44984 06/29/2023 3 06/29/2023 MONOGRAPH